<?xml version="1.0" encoding="UTF-8"?>
<marc:record xmlns:marc="http://www.loc.gov/MARC21/slim">
   <marc:leader>00000nam a2200000 a 4500</marc:leader>
   <marc:datafield ind1="1" ind2=" " tag="100">
      <marc:subfield code="a">Passrugger, Barbara</marc:subfield>
      <marc:subfield code="4">aut</marc:subfield>
      <marc:subfield code="e">Verfasser/-in</marc:subfield>
   </marc:datafield>
   <marc:datafield ind1=" " ind2=" " tag="653">
      <marc:subfield code="a">Bauernleben</marc:subfield>
   </marc:datafield>
   <marc:datafield ind1="0" ind2="0" tag="245">
      <marc:subfield code="a">Steiler Hang</marc:subfield>
   </marc:datafield>
   <marc:datafield ind1=" " ind2="1" tag="264">
      <marc:subfield code="b">Böhlau</marc:subfield>
      <marc:subfield code="c">1993</marc:subfield>
   </marc:datafield>
   <marc:datafield ind1="1" ind2=" " tag="490">
      <marc:subfield code="a">Damit es nicht verloren geht ...</marc:subfield>
   </marc:datafield>
   <marc:datafield ind1="1" ind2=" " tag="520">
      <marc:subfield code="a">Das Buch erzählt die Lebensgeschichte der Barbara Passrugger, die den abgewirtschafteten Hof ihres verstorbenen Bruders übernehmen musste, auf dem es keinen Strom, kein Licht, kein Wasser gab. Auf Vermittlung einer Freundin heiratete sie noch im gleichen Jahr, um wenigstens die härtesten Arbeiten gemeinsam mit ihrem Mann bewältigen zu können. </marc:subfield>
   </marc:datafield>
   <marc:datafield ind1="3" ind2=" " tag="024">
      <marc:subfield code="a">3205980409</marc:subfield>
   </marc:datafield>
</marc:record>
